Růže milují česnek : netradiční a zábavná příručka pro zahrádkáře /

Hlavní autor: Riotte, Louise, 1909-1998
Další autoři: Jeníková, Eva
Jazyk: Čeština
Vydáno: Praha : Euromedia Group, 2021
Vydání: Vydání třetí
Edice: Esence
Témata:
Fyzický popis: 256 stran : ilustrace ; 20 cm
Knihy
Uloženo v:
LEADER 02211nam a2200589 i 4500
001 nkc20213313405
003 CZ PrNK
005 20210913103725.0
007 ta
008 210322s2021 xr a e f 001 0 cze
015 |a cnb003313405 
020 |a 978-80-242-7452-2  |q (brožováno) :  |c Kč 199,00 
035 |a (OCoLC)1274109709 
040 |a BOA001  |b cze  |e rda 
041 1 |a cze  |h eng 
072 7 |a 635  |x Zahrádkářství  |2 Konspekt  |9 24 
080 |a 633/635.018  |2 MRF 
080 |a 631.584.5  |2 MRF 
080 |a 633/635.01/.04  |2 MRF 
080 |a 635.9.01/.04  |2 MRF 
080 |a (035)  |2 MRF 
100 1 |a Riotte, Louise,  |d 1909-1998  |7 xx0071446  |4 aut 
240 1 0 |a Roses love garlic.  |l Česky 
245 1 0 |a Růže milují česnek :  |b netradiční a zábavná příručka pro zahrádkáře /  |c Louise Riotteová ; z anglického originálu Roses love garlic ... přeložila Eva Jeníková 
250 |a Vydání třetí 
264 1 |a Praha :  |b Euromedia Group,  |c 2021 
300 |a 256 stran :  |b ilustrace ;  |c 20 cm 
336 |a text  |b txt  |2 rdacontent 
337 |a bez média  |b n  |2 rdamedia 
338 |a svazek  |b nc  |2 rdacarrier 
490 1 |a Esence 
500 |a Obsahuje rejstřík 
650 0 7 |a zahrádkářství  |7 ph116733  |2 czenas 
650 0 7 |a smíšené výsadby  |7 ph875792  |2 czenas 
650 0 7 |a pěstování zahradních rostlin  |7 ph124860  |2 czenas 
650 0 7 |a pěstování užitkových rostlin  |7 ph305446  |2 czenas 
650 0 7 |a pěstování okrasných rostlin  |7 ph134962  |2 czenas 
650 0 9 |a gardening  |2 eczenas 
650 0 9 |a companion planting  |2 eczenas 
650 0 9 |a garden plants cultivation  |2 eczenas 
650 0 9 |a useful plants cultivation  |2 eczenas 
650 0 9 |a ornamental plants cultivation  |2 eczenas 
655 7 |a příručky  |7 fd133209  |2 czenas 
655 9 |a handbooks and manuals  |2 eczenas 
700 1 |a Jeníková, Eva  |7 xx0081422  |4 trl 
830 0 |a Esence  |0 s 
910 2 |a BOA001  |b 1-1471.102 
990 |a BK 
995 |a 01 
991 |b 202108  |c NOV 
996 6 |b 2610874130  |c 1-1471.102  |l MZK  |r Sklad / do 1 hodiny  |n 1  |p p.v.  |w 001859076  |u 000010  |a 1  |e BOA001  |j MZK50  |s P 
996 7 |b 2610875210  |c 1-1471.102  |l Vol.výběr  |r VV 1p  |n 11  |p kup  |h 635 RIO  |w 001859076  |u 000020  |a 0  |e BOA001  |j MZK50  |s A